| 000 | 00456nam a2200181Ia 4500 | ||
|---|---|---|---|
| 001 | 15636 | ||
| 005 | 20260306170210.0 | ||
| 008 | 260306t2016||||xx |||||||||||||| ||und|| | ||
| 041 | _aESP | ||
| 082 |
_a553.7 _bG366 |
||
| 100 |
_aGooley, Tristan _eAUT |
||
| 245 | 0 |
_aHow to read water: _bclues and patterns from puddles to the sea |
|
| 260 | _c2016 | ||
| 300 |
_a393 páginas : _c19 cm. |
||
| 650 | _aGEN | ||
| 654 | _aCCN | ||
| 942 |
_cLIB _dJUS _fJUS _2ddc _n |
||
| 999 |
_c15636 _d15636 |
||